| 000 | 00589nam a22002177a 4500 | ||
|---|---|---|---|
| 003 | OSt | ||
| 005 | 20140310181701.0 | ||
| 008 | 121119t xxu||||| |||| 00| 0 eng d | ||
| 020 | _a0582401305 | ||
| 050 |
_aPZ 7 _b.B674 1999 |
||
| 082 |
_aKF _bB63h 1998 |
||
| 100 |
_aBoggs, Timothy _95212 |
||
| 245 |
_aHercules : _bby the sword / _cTimothy Boggs |
||
| 260 |
_aEngland : _bPuffin Books, _cc1999. |
||
| 300 |
_bill. : col. ; _a36 p., _c21 cm. |
||
| 541 | _j1 | ||
| 562 | _e1 | ||
| 650 |
_aHercules _95213 |
||
| 650 |
_aAdventure--3.Fiction--4 _95214 |
||
| 942 |
_2lcc _cBK-KF _kKF |
||
| 999 |
_c1226 _d1226 |
||